Представление документа в формате RUSMARC

ПолеНазваниеЗначение
  Тип записи i
  Библиографический уровень m
001 Контрольный номер b720cd5d2b794c7289c2003f01b2b0e8
005 Дата корректировки 20201206205202.0
010 Индекс ISBN __
a ISBN 978-5-9677-2617-0 (в кор.)
d Цена 225-00
100 Данные общей обработки __
a Данные общей обработки 19190422d2017||||||| 0rusy0189 ca
101 Язык документа 0_
a Язык текста rus
102 Страна публикации __
a Страна публикации RU
102 Страна публикации __
a Страна публикации RU
105 Кодированные данные (монография) __
a Кодированные данные (монография) || ||||| |zy
200 Заглавие и сведения об ответственности 1_
a Заглавие Избранная проза
e Сведения, относящиеся к заглавию аудиокнига
f Первые сведения об ответственности М. Ю. Лермонтов ; исполнители: заслуженный артист России С. Чонишвили, заслуженный артист России А. Бордуков, артист П. Каледин
b Общее обозначение материала Звукозапись
210 Выходные данные __
a Место издания Москва
c Издательство 1С-Паблишинг
d Дата издания 2017
215 Физическое описание __
a Объем 1 электрон. опт. диск (CD-DA)
c Иллюстрации/тип воспроизводства mp3
d Формат 12 см
225 Серия __
a Серия 1С: Аудиокниги
225 Серия __
a Серия Русская классика
230 Специфическая характеристика материала: электронные ресурсы __
a Обозначение и объем ресурса Электронные звуковые данные
300 Общие примечания __
a Общие примечания Заглавие с этикетки диска
327 Примечание о содержании __
a Примечание о содержании Герой нашего времени
327 Примечание о содержании __
a Примечание о содержании Ашик-Кериб
327 Примечание о содержании __
a Примечание о содержании Кавказец
327 Примечание о содержании __
a Примечание о содержании Панорама Москвы
327 Примечание о содержании __
a Примечание о содержании Штосс
330 Аннотация __
a Аннотация Собранные на диске произведения относятся к различным жанрам, написаны в разные периоды творческой деятельности Лермонтова. Это и хрестоматийный, входящий в школьную программу по литературе, роман "Герой нашего времени", в образах которого автор представил драматичную судьбу своего поколения; и романтическая сказка "Ашик-Кериб", основанная на азербайджанской версии широко распространенного на Востоке эпоса; и малоизвестный очерк "Кавказец"; и сочинение на заданную тему "Панорама Москвы", написанное Лермонтовым в Школе гвардейских подпрапорщиков. Завершает сборник мистическая повесть "Штосс", закончить которую автор не смог, будучи убит на дуэли. Предлагаем прослушать произведения гениального творца русской словесности в исполнении мастеров художественного слова.
333 Примечание о целевом назначении __
a Примечание о целевом назначении 12+. Для детей старше 12 лет
337 Примечание о системных требованиях (электронные ресурсы) __
a Примечание о системных требованиях (электронные ресурсы) Системные требования: MS Windows 95/98/2000/XP/Vista/7/8/10 ; Pentium 100 ; ОЗУ 16 Мб ; монитор SVGA, 800х600 ; устройство чтения CD/DVD-ROM ; звуковая карта ; колонки или наушники ; мышь ; аудиосистемы с поддержкой формата MP3: музыкальный центр ; CD/DVD-плеер и т. д.
606 Тематические рубрики __
a Основная рубрика Художественная литература
606 Тематические рубрики __
a Основная рубрика Русская литература XIX в. (произведения)
610 Ключевые слова __
a Ключевые слова русская литература
610 Ключевые слова __
a Ключевые слова романы
610 Ключевые слова __
a Ключевые слова сказки
610 Ключевые слова __
a Ключевые слова романтические сказки
610 Ключевые слова __
a Ключевые слова сочинения
610 Ключевые слова __
a Ключевые слова очерки
610 Ключевые слова __
a Ключевые слова повести
610 Ключевые слова __
a Ключевые слова лирико-психологические романы
610 Ключевые слова __
a Ключевые слова тема Кавказа
610 Ключевые слова __
a Ключевые слова мистические повести
686 Индексы других классификаций __
2 Код системы rubbks
a Классификационный индекс 84(2=411.2)52-4я04
700 Автор _1
a Фамилия Лермонтов
b Имя М. Ю.
f Даты 1814-1841
g Полное личное имя Михаил Юрьевич
4 Код отношения 070
702 Вторичная интеллектуальная ответственность _1
a Фамилия Чонишвили
b Имя С. Н.
4 Код отношения Прочие
f Даты 1965-
g Полное личное имя Сергей Ножериевич
4 Код отношения 570
702 Вторичная интеллектуальная ответственность _1
a Фамилия Бордуков
b Имя А. С.
4 Код отношения Прочие
f Даты 1946-
g Полное личное имя Александр Сергеевич
4 Код отношения 570
702 Вторичная интеллектуальная ответственность _1
a Фамилия Каледин
b Имя П.
4 Код отношения Прочие
f Даты 1982-
g Полное личное имя Петр Евгеньевич
4 Код отношения 570
801 Источник записи _0
a Страна RU
b Организация NLR
c Дата составления 20190422
g Правила каталогизации PSBO
801 Источник записи _2
a Страна RU
b Организация Муниципальное бюджетное учреждение культуры "Централизованная библиотечная система" г. Сургут (Центральная городская библиотека им. А. С. Пушкина)
c Дата составления 20190422
852 Данные о местонахождении __
j Шифр хранения 84(2=411.2)52-4я04
i Авторский знак Л 49
901 Тип документа __
a Ответственный КиК/Мамарузиева
t Тип документа 0
903 Характеристики (МАРС) __
a Дата передачи 20190422
969 Тип издания __
a Тип издания аудиокнига
a Тип издания издание для слепых
990 Данные о заказе (DOS) __
j Количество экземпляров (DOS) 2
t N записи в КСУ для И/У (DOS) 201905